Football Teams Arturo Vidal Played For - Statistics

General Stats
  • This quiz has been taken 60 times
  • The average score is 6 of 8
Answer Stats
League Years Team % Correct
Germany 2015-2018 FC Bayern München
98%
Spain 2018-2020 FC Barcelona
94%
Italy 2020-2022 Inter
94%
Italy 2011-2015 Juventus FC
90%
Chile 2006-2007 CSD Colo Colo
61%
Germany 2007-2011 Bayer 04 Leverkusen
55%
Brazil 2022-2023 CR Flamengo
49%
Brazil 2023- Athletico Paranaense
12%
No matching quizzes found
Score Distribution
Percent of People with Each Score
Percentile by Number Answered
Your Score History
You have not taken this quiz